[Event "Benidorm Bali op-A"]
[Site "Benidorm"]
[Date "2022.12.04"]
[Round "2"]
[White "Sos Andreu, Eric"]
[Black "Villar Reymundo, Juan Antonio"]
[Result "1/2-1/2"]
[WhiteElo "2364"]
[BlackElo "2135"]
[PlyCount "70"]
[EventDate "2022.12.03"]
[EventType "swiss"]
[EventRounds "9"]
[EventCountry "ESP"]
[SourceTitle "CBM 211 Extra"]
[Source "ChessBase"]
[SourceDate "2023.01.31"]
[SourceVersion "1"]
[SourceVersionDate "2023.01.31"]
[SourceQuality "1"]

1. d4 d6 2. Nf3 g6 3. c4 f5 4. Nc3 Nf6 5. g3 Bg7 6. Bg2 0-0 7. 0-0 Nc6 8. d5 Na5 9. Nd2 c5 10. dxc6 Nxc6 11. Rb1 Be6 12. Nd5 Bf7 13. a3 e5 14. Nxf6+ Qxf6 15. b3 Rfd8 16. Nf3 h6 17. Ne1 d5 18. Bxd5 Bxd5 19. cxd5 Ne7 20. b4 Rxd5 21. Qb3 Qf7 22. Nd3 Nc6 23. Bb2 Nd4 24. Bxd4 Rxd4 25. Rfc1 Rad8 26. Qxf7+ Kxf7 27. Rc7+ R4d7 28. Rxd7+ Rxd7 29. Kf1 e4 30. Nc5 Rc7 31. Rd1 Ke7 32. g4 b6 33. Na6 Rd7 34. Rc1 Be5 35. gxf5 gxf5 1/2-1/2

[Event "Montserrat op"]
[Site "Montserrat"]
[Date "2022.09.03"]
[Round "7"]
[White "Giaccio, Alfredo Gustavo"]
[Black "Sos Andreu, Eric"]
[Result "1-0"]
[WhiteElo "2360"]
[BlackElo "2358"]
[PlyCount "75"]
[EventDate "2022.08.29"]
[EventType "swiss"]
[EventRounds "9"]
[EventCountry "ESP"]
[SourceTitle "CBM 210 Extra"]
[Source "ChessBase"]
[SourceDate "2022.11.30"]
[SourceVersion "1"]
[SourceVersionDate "2022.11.30"]
[SourceQuality "1"]

1. e4 c6 2. d4 d5 3. Nc3 dxe4 4. Nxe4 Bf5 5. Ng3 Bg6 6. h4 h6 7. Nf3 Nd7 8. Bd3 Bxd3 9. Qxd3 Ngf6 10. Bf4 Qa5+ 11. Bd2 Qc7 12. 0-0-0 e6 13. Ne4 0-0-0 14. Kb1 Kb8 15. g3 Nxe4 16. Qxe4 Nf6 17. Qe2 Bd6 18. c4 c5 19. Bc3 cxd4 20. Nxd4 a6 21. g4 Qc5 22. Rhe1 Bc7 23. b4 Qf8 24. Qf3 Qg8 25. g5 hxg5 26. hxg5 Nd7 27. g6 Ne5 28. Rxe5 Bxe5 29. Nc6+ bxc6 30. Rxd8+ Qxd8 31. Bxe5+ Kb7 32. gxf7 Qg5 33. Bd6 Qg1+ 34. Kb2 Rh1 35. f8Q Qb1+ 36. Ka3 Qc1+ 37. Ka4 Qc2+ 38. Qb3 1-0

[Event "Titled Tuesday intern op 01st Feb-B"]
[Site "Chess.com INT"]
[Date "2022.02.02"]
[Round "1"]
[White "Sos Andreu, Eric"]
[Black "Urazayev, Arystanbek"]
[Result "0-1"]
[WhiteElo "2353"]
[BlackElo "2438"]
[PlyCount "90"]
[EventDate "2022.02.02"]
[EventType "swiss (blitz)"]
[EventRounds "11"]
[EventCountry "USA"]
[SourceTitle "CBM 206 Extra"]
[Source "ChessBase"]
[SourceDate "2022.03.31"]
[SourceVersion "1"]
[SourceVersionDate "2022.03.31"]
[SourceQuality "1"]

1. d4 d6 2. Nf3 Nf6 3. c4 g6 4. g3 Bg7 5. Bg2 0-0 6. 0-0 c5 7. Nc3 Nc6 8. d5 Na5 9. Nd2 a6 10. Rb1 b5 11. b3 Bd7 12. Qc2 Rb8 13. Bb2 h5 14. Nce4 Bf5 15. Nxf6+ exf6 16. e4 Bg4 17. f3 Bd7 18. Rfe1 Re8 19. Bc3 h4 20. Qd3 b4 21. Bb2 f5 22. Bxg7 Kxg7 23. Qc2 Qf6 24. Qb2 Qc3 25. Nf1 Qxb2 26. Rxb2 fxe4 27. fxe4 Nb7 28. Ne3 a5 29. Rf2 hxg3 30. hxg3 Re7 31. Bf3 a4 32. Kg2 axb3 33. axb3 Ra8 34. Bg4 Ra3 35. Bxd7 Rxd7 36. Ng4 Rxb3 37. Nf6 Rd8 38. Ref1 Rc3 39. Ng4 Rd7 40. Nf6 Rd8 41. Ng4 Rf8 42. e5 dxe5 43. Nxe5 Nd6 44. g4 Nxc4 45. Nxf7 Ne3+ 0-1

[Event "Valencia Paterna Gp-A 2nd"]
[Site "Valencia"]
[Date "2021.10.18"]
[Round "5"]
[White "Sos Andreu, Eric"]
[Black "Vallejo Pons, Francisco"]
[Result "0-1"]
[WhiteElo "2353"]
[BlackElo "2701"]
[PlyCount "45"]
[EventDate "2021.10.18"]
[EventType "tourn (rapid)"]
[EventRounds "7"]
[EventCountry "ESP"]
[EventCategory "5"]
[SourceTitle "CBM 204 Extra"]
[Source "ChessBase"]
[SourceDate "2021.11.30"]
[SourceVersion "1"]
[SourceVersionDate "2021.11.30"]
[SourceQuality "1"]

1. d4 b6 2. e4 Bb7 3. Bd3 d6 4. Nf3 Nd7 5. 0-0 e5 6. c3 Ngf6 7. Re1 g6 8. Nbd2 Bg7 9. Nc4 Qe7 10. a4 a6 11. b3 Nh5 12. Ba3 f6 13. Bf1 0-0 14. Qd2 Rae8 15. Rad1 Nf4 16. g3 Ne6 17. Bg2 Kh8 18. Qc2 Qd8 19. Re2 Qa8 20. d5 Qd8 21. Ne1 Bc8 22. Ne3 Bh6 23. Bh3 0-1